[Event "Sparkassen Open A 2013"]
[Site "Dortmund GER"]
[Date "2013.07.29"]
[Round "3.7"]
[White "Schroeder, Kevin"]
[Black "Kartsev, Alexandr"]
[Result "1-0"]
[WhiteElo "2079"]
[BlackElo "2247"]
[WhiteFideId "12929840"]
[BlackFideId "24647110"]
[EventDate "2013.07.27"]

1. d4 d5 2. c4 c6 3. Nf3 Nf6 4. Nc3 e6 5. cxd5 exd5 6. Bg5 Be7 7. e3 O-O 8. Bd3
Nbd7 9. Qc2 Re8 10. O-O h6 11. Bf4 Nh5 12. Nxd5 Nxf4 13. Nxf4 Bd6 14. Nh5 Nf6
15. Nxf6+ Qxf6 16. e4 Qf4 17. e5 Bc7 18. Rae1 h5 19. Re4 Qh6 20. h4 Be6 21. Ng5
Bd5 22. Bc4 Rad8 23. Rfe1 Qg6 24. Bd3 Qf5 25. R4e3 Qg4 26. Be4 Qxh4 27. Rg3 Be6
28. Bg6 Rd7 29. Nxe6 Rxe6 30. Bf5 Qxd4 31. Bxe6 fxe6 32. Qg6 Rf7 33. Rf3 Rxf3
34. gxf3 Qh4 35. Qxe6+ Kh7 36. Qf5+ Kh6 37. f4 Bd8 38. Re3 g6 39. Qf8+ Kh7 40.
Qf7+ Kh8 41. Rg3 g5 42. Qf8+ Kh7 43. Qxd8 Qxf4 44. Qxg5 1-0

[Event "Sparkassen Open A 2013"]
[Site "Dortmund GER"]
[Date "2013.07.29"]
[Round "3.8"]
[White "Niekrens, Stefan"]
[Black "Kartsev, Soel"]
[Result "0-1"]
[WhiteElo "1952"]
[BlackElo "2223"]
[WhiteFideId "24635383"]
[BlackFideId "4130561"]
[EventDate "2013.07.27"]

1. e4 c5 2. Nf3 d6 3. d4 cxd4 4. Nxd4 Nf6 5. Nc3 Nc6 6. Be2 e6 7. Be3 Be7 8. O-O
O-O 9. f4 e5 10. Nxc6 bxc6 11. fxe5 dxe5 12. Qxd8 Rxd8 13. Rad1 Be6 14. Rxd8+
Bxd8 15. a3 Kf8 16. Bc5+ Ke8 17. Rd1 Bb6 18. Bxb6 axb6 19. a4 Ke7 20. b3 Nd7 21.
Kf2 Nc5 22. Bf3 Na6 23. Na2 f6 24. Ke3 Nc5 25. Nb4 Rc8 26. Nd3 Nb7 27. Nb4 Nd6
28. Ra1 Nb7 29. Rd1 h6 30. Be2 Nd6 31. Ra1 c5 32. Nd5+ Bxd5 33. exd5 Nf5+ 34.
Kd2 Ra8 35. c4 Nd4 36. Bd1 Kd6 37. Rc1 f5 38. Bc2 e4 39. Rf1 Ke5 40. Re1 g5 41.
Rb1 f4 42. Bd1 h5 43. b4 f3 44. gxf3 exf3 45. bxc5 bxc5 46. Ke3 Rf8 47. Kf2 g4
48. Rb7 Nf5 49. Bc2 Nd6 50. Rh7 Kf4 51. Rxh5 Re8 52. Bd3 Rb8 53. Rh6 Rb2+ 54.
Kf1 Ke3 55. Rxd6 Rxh2 56. Re6+ Kxd3 57. d6 g3 0-1

[Event "Sparkassen Open A 2013"]
[Site "Dortmund GER"]
[Date "2013.07.29"]
[Round "3.10"]
[White "Huckebrink, Chris"]
[Black "Adiyaman, Rene"]
[Result "1-0"]
[WhiteElo "2034"]
[BlackElo "1822"]
[WhiteFideId "12900320"]
[BlackFideId "12910414"]
[EventDate "2013.07.27"]

1. e4 e5 2. Nf3 Nc6 3. d4 exd4 4. Nxd4 Bc5 5. Nxc6 Qf6 6. Qf3 Qxc6 7. Nc3 Ne7 8.
Bb5 Qg6 9. Bf4 c6 10. Bd3 d6 11. O-O Bg4 12. Qg3 Be6 13. Bxd6 Bxd6 14. Qxd6 Rd8
15. Qg3 Qh6 16. f4 g6 17. Rae1 Rg8 18. Qe3 Qg7 19. Qxa7 Bc8 20. e5 f6 21. Ne4 1-0

[Event "Sparkassen Open A 2013"]
[Site "Dortmund GER"]
[Date "2013.07.29"]
[Round "3.11"]
[White "Kozlov, Alexander GER"]
[Black "Bramkamp, Rainer"]
[Result "1-0"]
[WhiteElo "2172"]
[BlackElo "2081"]
[WhiteFideId "4652908"]
[BlackFideId "4667298"]
[EventDate "2013.07.27"]

1. d4 d5 2. c4 e6 3. Nf3 Nf6 4. Nc3 Be7 5. g3 c6 6. Qd3 Nbd7 7. Bg2 O-O 8. O-O
Qc7 9. Bf4 Bd6 10. Bxd6 Qxd6 11. Rfd1 b6 12. e4 dxe4 13. Nxe4 Nxe4 14. Qxe4 Bb7
15. Ne5 Rac8 16. Qe3 Rfd8 17. c5 Qc7 18. Nc4 Nf6 19. Nd6 Rb8 20. Rac1 bxc5 21.
dxc5 Nd5 22. Qa3 a5 23. Rd4 Ra8 24. h4 Rdb8 25. Qf3 Ba6 26. b3 Rb4 27. Rxb4 axb4
28. Rc2 Qe7 29. Qe4 Qf6 30. Qe1 Bd3 31. Rd2 Qc3 32. Bxd5 cxd5 33. Qe3 Qc1+ 34.
Kg2 Bg6 35. g4 h5 36. gxh5 Bxh5 37. Qd4 Rb8 38. Rd3 Qc2 39. Rg3 g6 40. Qe5 Qe2
41. Qf4 Rf8 42. Qxb4 Qxa2 43. c6 Qa7 44. Qb7 Qc5 45. Qd7 d4 46. c7 1-0

[Event "Sparkassen Open A 2013"]
[Site "Dortmund GER"]
[Date "2013.07.29"]
[Round "3.16"]
[White "Heck, Norbert"]
[Black "Carrasco, Paul"]
[Result "1-0"]
[WhiteTitle "FM"]
[WhiteElo "2280"]
[BlackElo "2034"]
[WhiteFideId "4622928"]
[BlackFideId "2008670"]
[EventDate "2013.07.27"]

1. c4 e5 2. g3 Nf6 3. Bg2 c6 4. Nf3 e4 5. Ng5 d5 6. cxd5 cxd5 7. O-O Nc6 8. d4
Qb6 9. Nc3 Be7 10. Nh3 O-O 11. Nf4 Rd8 12. e3 Bg4 13. f3 exf3 14. Bxf3 Be6 15.
Bd2 Rac8 16. Na4 Qc7 17. Rc1 b6 18. Qe2 Qd7 19. Nc3 Na5 20. Rfd1 Nc4 21. Be1 Na5
22. Bf2 Bf8 23. Kg2 Nc6 24. h3 Ne7 25. g4 Ng6 26. Bg3 Nxf4+ 27. exf4 g6 28. Kh2
Bg7 29. Bh4 Re8 30. Qg2 Qd6 31. Bg3 Qb4 32. a3 Qb3 33. f5 gxf5 34. gxf5 Bxf5 35.
Be5 Bg6 36. Bxf6 Bxf6 37. Bxd5 Rxc3 38. Bxb3 Rxb3 39. Rc3 Rb5 40. b4 Rd8 41. Qf1
Rf5 42. Rf3 Rxf3 43. Qxf3 Kg7 44. Qf4 Rd5 45. Qc7 1-0

[Event "Sparkassen Open A 2013"]
[Site "Dortmund GER"]
[Date "2013.07.29"]
[Round "3.17"]
[White "Steinle, Carsten"]
[Black "Melmer, Felix"]
[Result "0-1"]
[WhiteElo "2229"]
[BlackElo "2024"]
[WhiteFideId "24676462"]
[BlackFideId "24671878"]
[EventDate "2013.07.27"]

1. d4 f5 2. Nc3 Nf6 3. Bg5 d5 4. Nf3 e6 5. e3 c6 6. Ne5 Bd6 7. Be2 Nbd7 8. f4
O-O 9. O-O Qe8 10. Kh1 Kh8 11. Rc1 Rg8 12. Qe1 Nf8 13. Rf3 h6 14. Rh3 Bxe5 15.
dxe5 N6h7 16. Bh4 g5 17. Bf2 Qg6 18. Bh5 Qg7 19. g4 Bd7 20. Rg3 Be8 21. Qe2 Ng6
22. Rcg1 Rd8 23. h3 a6 24. Na4 Qe7 25. gxf5 exf5 26. b3 c5 27. c4 dxc4 28. Bxg6
Rxg6 29. Be1 b5 30. Nb2 cxb3 31. axb3 Qe6 32. Qc2 Rc8 33. Kh2 Bf7 34. R3g2 h5
35. Rd2 Rc6 36. Rd6 Rxd6 37. exd6 Qxe3 38. Qc3+ Qd4 39. Qc1 b4 40. d7 Rd6 41.
fxg5 Bd5 42. Nc4 Rxd7 43. g6 Bxc4 44. bxc4 Nf8 45. Qh6+ Kg8 46. Qxh5 Qf4+ 47.
Rg3 Rg7 48. Kg2 Qe4+ 49. Kf2 f4 50. Rg4 Nxg6 51. Qxc5 0-1

[Event "Sparkassen Open A 2013"]
[Site "Dortmund GER"]
[Date "2013.07.29"]
[Round "3.18"]
[White "Ciornei, Dragos"]
[Black "Nielsen, Frode B."]
[Result "1/2-1/2"]
[WhiteElo "2205"]
[BlackElo "2015"]
[WhiteFideId "4619200"]
[BlackFideId "1405721"]
[EventDate "2013.07.27"]

1. e4 e5 2. Nf3 Nc6 3. d4 exd4 4. Bc4 Nf6 5. O-O Bc5 6. e5 d5 7. exf6 dxc4 8.
Re1+ Be6 9. Ng5 Qd5 10. Nc3 Qf5 11. Nce4 O-O-O 12. g4 Qe5 13. fxg7 Rhg8 14. Nxc5
Qxc5 15. Nxe6 fxe6 16. Bh6 e5 17. g5 d3 18. c3 Ne7 19. Qg4+ Kb8 20. h4 Rd6 21.
Rad1 Ng6 22. Re4 Nf4 23. Qf5 Qc6 24. Qxh7 Qe8 25. Rxe5 Re6 26. g6 Rxe5 27. Bxf4
Re1+ 28. Rxe1 Qxe1+ 29. Kg2 Qe6 30. Kg3 b5 31. h5 Kb7 32. h6 a5 33. a3 c5 34.
Qh8 Qxg6+ 35. Kf3 Qh5+ 36. Kg3 Qg6+ 37. Kf3 Qh5+ 38. Kg3 Qg6+ 1/2-1/2

[Event "Sparkassen Open A 2013"]
[Site "Dortmund GER"]
[Date "2013.07.29"]
[Round "3.20"]
[White "Zolfagharian, Kevin"]
[Black "Noordhoek, Henk"]
[Result "1-0"]
[WhiteElo "2010"]
[BlackElo "2090"]
[WhiteFideId "12933570"]
[BlackFideId "1004565"]
[EventDate "2013.07.27"]

1. e4 Nf6 2. e5 Nd5 3. d4 d6 4. c4 Nb6 5. exd6 exd6 6. Nc3 Nc6 7. Be3 Be7 8. Nf3
O-O 9. Bd3 Re8 10. O-O Nb4 11. a3 Nxd3 12. Qxd3 Bg4 13. Nd2 d5 14. c5 Nc8 15.
Qb5 Bf8 16. Qxb7 Ne7 17. b4 Qd7 18. Bf4 Rec8 19. f3 Bf5 20. Qb5 Nc6 21. Nb3 a6
22. Qe2 Nd8 23. Qe5 c6 24. Na4 Bc2 25. Nb6 f6 26. Qe3 Qf5 27. Nxc8 Ne6 28. g4
Qxf4 29. Qxe6+ Kh8 30. Qe8 1-0

[Event "Sparkassen Open A 2013"]
[Site "Dortmund GER"]
[Date "2013.07.29"]
[Round "3.21"]
[White "Buckels, Valentin"]
[Black "Hecht, Carsten"]
[Result "1/2-1/2"]
[WhiteElo "1975"]
[BlackElo "2087"]
[WhiteFideId "12942766"]
[BlackFideId "24693928"]
[EventDate "2013.07.27"]

1. d4 Nf6 2. c4 g6 3. Nf3 Bg7 4. g3 O-O 5. Bg2 d5 6. cxd5 Nxd5 7. O-O Nb6 8. Nc3
Nc6 9. d5 Na5 10. Qc2 c6 11. dxc6 Nxc6 12. Rd1 Qe8 13. Be3 Bf5 14. Qb3 Be6 15.
Qc2 Bf5 16. Qb3 Be6 17. Qc2 Nc4 18. Bd4 f6 19. b3 Nd6 20. Bc5 Rd8 21. Bxd6 exd6
22. Rac1 Rf7 23. Qd2 a6 24. h3 d5 25. e3 Bf8 26. Ne2 Ba3 27. Ra1 Rc7 28. Nf4 Bf7
29. Nd3 d4 30. exd4 Nxd4 31. Nxd4 Rxd4 32. Qa5 Qd7 33. Qxa3 Rxd3 34. Rxd3 Qxd3
35. Rc1 Rxc1+ 1/2-1/2

[Event "Sparkassen Open A 2013"]
[Site "Dortmund GER"]
[Date "2013.07.29"]
[Round "3.23"]
[White "Schulze, Marc"]
[Black "Plassmann, Dominik"]
[Result "1/2-1/2"]
[WhiteElo "1926"]
[BlackElo "2078"]
[WhiteFideId "1271126"]
[BlackFideId "24673498"]
[EventDate "2013.07.27"]

1. d4 Nf6 2. Nf3 g6 3. Bf4 Bg7 4. e3 c5 5. c3 b6 6. Bd3 O-O 7. Nbd2 Bb7 8. h3 d6
9. O-O Nbd7 10. Qe2 Re8 11. Bh2 e5 12. dxe5 dxe5 13. Ng5 h6 14. Nge4 Qc7 15.
Rfd1 Rad8 16. Bc2 Ba8 17. f3 Kh8 18. c4 Nh7 19. Nc3 f5 20. g4 Rf8 21. e4 fxg4
22. hxg4 Ng5 23. Nd5 Qb8 24. Rf1 Nh3+ 25. Kh1 Nf4 26. Qe3 Rf7 27. Rab1 Qd6 28.
a3 Nf8 29. b4 N8e6 30. Nb3 Nd4 31. Nxd4 cxd4 32. Qd2 1/2-1/2

[Event "Sparkassen Open A 2013"]
[Site "Dortmund GER"]
[Date "2013.07.29"]
[Round "3.24"]
[White "Meyer, Juergen1"]
[Black "Giraud, Valerian"]
[Result "1/2-1/2"]
[WhiteElo "2075"]
[BlackElo "1955"]
[WhiteFideId "4623878"]
[BlackFideId "12920355"]
[EventDate "2013.07.27"]

1. e4 e6 2. d4 d5 3. Nd2 Nf6 4. e5 Nfd7 5. Ngf3 c5 6. c3 Nc6 7. Bd3 h6 8. O-O g5
9. dxc5 Bxc5 10. Bb5 Qb6 11. a4 g4 12. b4 gxf3 13. bxc5 Qxc5 14. Qxf3 Ndxe5 15.
Qf6 Rg8 16. Qxe5 Qxb5 17. Qxe6+ Bxe6 18. axb5 Ne5 19. f4 Nc4 20. f5 Bd7 21. Re1+
Kd8 22. Nxc4 dxc4 23. b6 a6 24. Ra5 Bc6 25. g3 Kd7 26. Rc5 Rae8 27. Rxe8 Rxe8
28. Bxh6 Re2 29. Rxc4 Rg2+ 30. Kf1 Rxh2 31. Rd4+ Ke7 32. Bg5+ f6 33. Bf4 Rc2 34.
c4 Rxc4 35. Rxc4 Bb5 36. Ke2 Bxc4+ 37. Ke3 Kd7 38. g4 1/2-1/2

[Event "Sparkassen Open A 2013"]
[Site "Dortmund GER"]
[Date "2013.07.29"]
[Round "3.26"]
[White "Vogt, Marc Jonas"]
[Black "Scheck, Kyrill"]
[Result "1-0"]
[WhiteElo "1893"]
[BlackElo "2070"]
[WhiteFideId "24695661"]
[BlackFideId "1271861"]
[EventDate "2013.07.27"]

1. e4 c6 2. d4 d5 3. Nc3 g6 4. h3 Bg7 5. Nf3 dxe4 6. Nxe4 Nf6 7. Nxf6+ exf6 8.
Bc4 Qe7+ 9. Be2 O-O 10. O-O Re8 11. Re1 Qd6 12. c3 Be6 13. Be3 Nd7 14. Qd2 Nb6
15. Bf4 Qf8 16. Bd3 Nd5 17. Bg3 Bh6 18. Qc2 Nf4 19. Bxf4 Bxf4 20. Nd2 f5 21. Nf3
Kh8 22. Ne5 f6 23. Nc4 Bc7 24. Qd2 b5 25. Ne3 f4 26. Ng4 h5 27. Nh2 g5 28. Bg6
Bf7 29. Be4 Qd6 30. a4 a6 31. Bc2 Rg8 32. axb5 cxb5 33. Re2 Rg7 34. Rae1 f3 35.
Nxf3 Bd5 36. Re8+ Rg8 37. Qd3 f5 38. Qxf5 Qh6 39. R8e7 Rg7 40. Qxd5 Rag8 41.
R7e6 Rg6 42. Rxg6 Rxg6 43. Re8+ 1-0

[Event "Sparkassen Open A 2013"]
[Site "Dortmund GER"]
[Date "2013.07.29"]
[Round "3.27"]
[White "Strathoff, Martin"]
[Black "Hassler, Rolf"]
[Result "1-0"]
[WhiteElo "2059"]
[BlackElo "1887"]
[WhiteFideId "24609560"]
[BlackFideId "4638255"]
[EventDate "2013.07.27"]

1. d4 f5 2. h3 d5 3. Nf3 Nc6 4. Bg5 g6 5. e3 Bg7 6. c4 Nf6 7. Nc3 Be6 8. Bxf6
exf6 9. Qb3 Ne7 10. Qxb7 O-O 11. cxd5 Bf7 12. Rc1 Qd6 13. Qa6 Qb4 14. Bc4 Nxd5
15. O-O Nb6 16. Bxf7+ Rxf7 17. b3 Bf8 18. Nb5 c5 19. dxc5 Nd7 20. Rc4 Nxc5 21.
Qc6 Rc8 22. Qxc8 Qxb5 23. Nd4 Qb6 24. Rfc1 Ne4 25. Rc6 Qa5 26. R6c2 Kg7 27. Ne6+
Kg8 28. Rd1 Nd6 29. Rxd6 Qe5 30. Rd8 1-0

[Event "Sparkassen Open A 2013"]
[Site "Dortmund GER"]
[Date "2013.07.29"]
[Round "3.31"]
[White "Agrest, Inna"]
[Black "Nepveu, Manuel"]
[Result "1-0"]
[WhiteTitle "WIM"]
[WhiteElo "2193"]
[BlackElo "1955"]
[WhiteFideId "1708830"]
[BlackFideId "1006339"]
[EventDate "2013.07.27"]

1. e4 e6 2. d4 d5 3. Nc3 Bb4 4. Ne2 dxe4 5. a3 Bxc3+ 6. Nxc3 Nc6 7. Bb5 Ne7 8.
Bg5 f6 9. Be3 O-O 10. Qd2 f5 11. O-O-O a6 12. Bxc6 Nxc6 13. d5 Ne7 14. Bg5 Qe8
15. dxe6 Bxe6 16. f3 h6 17. Bf4 Rd8 18. Qf2 Nd5 19. Be5 Nxc3 20. Bxc3 Qf7 21.
Rde1 Bd5 22. Rhg1 Qd7 23. h3 Rf7 24. f4 Qb5 25. Re3 Qc4 26. b3 Qb5 27. Bb4 Qb6
28. Qe1 Rdd7 29. g4 a5 30. Bxa5 Qd6 31. Bc3 Qxf4 32. Kb2 c6 33. Reg3 fxg4 34.
Rxg4 Qf3 35. Qh4 Kh7 36. Qh5 Qe3 37. R1g3 Qf2 38. Qg6+ Kg8 39. Qxh6 Kf8 40. Rxg7
Rxg7 41. Bxg7+ Ke8 42. Qh8+ Ke7 43. Be5 Qf5 44. Bc3 Bxb3 45. Qh4+ Ke8 46. Rg5
Rh7 47. Qg3 Qxh3 48. Qb8+ Ke7 49. Qxb7+ Kd6 50. Qxb3 e3 51. Qb8+ Kd7 52. Qb7+ 1-0

[Event "Sparkassen Open A 2013"]
[Site "Dortmund GER"]
[Date "2013.07.29"]
[Round "3.33"]
[White "Wegelin, Reinhard"]
[Black "Businger, Paul"]
[Result "1/2-1/2"]
[WhiteElo "1935"]
[BlackElo "2073"]
[WhiteFideId "1305778"]
[BlackFideId "1306111"]
[EventDate "2013.07.27"]

1. d4 g6 2. Nf3 Bg7 3. c3 Nf6 4. Bg5 d6 5. Nbd2 c6 6. e3 Nbd7 7. Be2 O-O 8. h3
Qc7 9. O-O h6 10. Bf4 Re8 11. Qb3 1/2-1/2

[Event "Sparkassen Open A 2013"]
[Site "Dortmund GER"]
[Date "2013.07.29"]
[Round "3.34"]
[White "Dyballa, Gerhard"]
[Black "Herzum, Peter"]
[Result "0-1"]
[WhiteElo "1970"]
[BlackElo "1882"]
[WhiteFideId "4645189"]
[BlackFideId "12919217"]
[EventDate "2013.07.27"]

1. c4 e5 2. Nc3 Nc6 3. g3 f5 4. Bg2 Nf6 5. e3 Bb4 6. Nge2 O-O 7. O-O Bxc3 8.
Nxc3 Qe8 9. d4 e4 10. a3 d6 11. b4 g5 12. h3 Ne7 13. Nb5 Qc6 14. a4 Qxc4 15. Bd2
c6 16. Nxd6 Qe6 17. Nxc8 Raxc8 18. Qc2 Ned5 19. Rae1 Qd6 20. Qc5 Qb8 21. Re2 h5
22. Be1 Kh8 23. f4 gxf4 24. gxf4 Rg8 25. Bh4 Nd7 26. Qc4 Qd6 27. Rb1 b5 28. Qb3
N7b6 29. a5 Nc4 30. Kh1 Ncxe3 31. Rxe3 Qxf4 32. Bf6+ Nxf6 33. Rf1 Qg5 34. Re2 f4
35. Qc3 Nd5 36. Qc1 f3 37. Qxg5 Rxg5 38. Bxf3 exf3 39. Rxf3 Nxb4 40. Rf7 Rcg8
41. Rxa7 Nd5 42. Rf7 Ne3 43. a6 Rg1+ 44. Kh2 Nf1+ 45. Rxf1 Rxf1 0-1

[Event "Sparkassen Open A 2013"]
[Site "Dortmund GER"]
[Date "2013.07.29"]
[Round "3.35"]
[White "Stoer, Agnes"]
[Black "Bausch, Thomas"]
[Result "0-1"]
[WhiteElo "1869"]
[BlackElo "1969"]
[WhiteFideId "1270593"]
[BlackFideId "24611115"]
[EventDate "2013.07.27"]

1. Nf3 g6 2. g3 Bg7 3. d4 Nf6 4. Bg2 O-O 5. O-O d6 6. c4 c5 7. d5 a6 8. Nc3 Bd7
9. Qb3 b5 10. Nd2 b4 11. Nce4 Nxe4 12. Nxe4 a5 13. Qe3 Na6 14. Rb1 a4 15. b3 a3
16. Bd2 h6 17. Nxc5 dxc5 18. d6 exd6 19. Bxa8 Qxa8 20. Rfe1 Bh3 21. Qf3 Qc8 22.
Bf4 Rd8 23. Qd3 Nc7 24. e4 Ne6 25. Bxd6 Be5 0-1

[Event "Sparkassen Open A 2013"]
[Site "Dortmund GER"]
[Date "2013.07.29"]
[Round "3.36"]
[White "Sherif, Amina"]
[Black "Imcke, Patrick"]
[Result "0-1"]
[WhiteElo "1641"]
[BlackElo "1962"]
[WhiteFideId "12911690"]
[BlackFideId "4622502"]
[EventDate "2013.07.27"]

1. e4 e6 2. d4 d5 3. Nd2 Nf6 4. e5 Nfd7 5. Bd3 c5 6. c3 Nc6 7. Ne2 cxd4 8. cxd4
f6 9. exf6 Nxf6 10. Nf3 Bd6 11. O-O Qc7 12. Bg5 O-O 13. Rc1 Bd7 14. Bb1 Be8 15.
Ng3 Nh5 16. Be3 Nxg3 17. fxg3 Qd7 18. Nh4 Rxf1+ 19. Qxf1 Bf8 20. Qf4 g6 21. Qg4
Bg7 22. Nf3 e5 23. Qxd7 Bxd7 24. dxe5 Nxe5 25. Rc7 Nxf3+ 26. gxf3 Bc6 27. Bc5
Re8 28. Bd3 Bxb2 29. Bxa7 Be5 30. Rxc6 bxc6 31. Bc5 Ra8 32. Bb1 Ra5 33. Be3 c5
34. Kf1 Kf7 35. Ke1 Rb5 36. Bc2 Rb2 37. Kd1 c4 38. a4 Ra2 39. Bd2 Ke6 40. f4 Bf6
41. g4 d4 42. f5+ gxf5 43. Bxf5+ Kd5 44. Bxh7 d3 45. Be3 Bc3 46. Bg8+ Ke4 47.
Bxc4 Ra1+ 48. Bc1 d2 0-1

[Event "Sparkassen Open A 2013"]
[Site "Dortmund GER"]
[Date "2013.07.29"]
[Round "3.37"]
[White "Algars, Olle"]
[Black "Biermann, Florian"]
[Result "0-1"]
[WhiteElo "2090"]
[BlackElo "1807"]
[WhiteFideId "1702513"]
[BlackFideId "2812630"]
[EventDate "2013.07.27"]

1. Nf3 d6 2. d4 Bg4 3. c4 Bxf3 4. exf3 g6 5. Qb3 b6 6. c5 Bg7 7. cxb6 axb6 8.
Bc4 e6 9. d5 e5 10. O-O Ne7 11. f4 exf4 12. Bxf4 O-O 13. Bg5 Nd7 14. Nc3 Nf6 15.
Rfe1 h6 16. Bd2 Nf5 17. Ne4 Ng4 18. Bc3 Qh4 19. h3 Ne5 20. Bb5 g5 21. Qd1 Ne7
22. f3 f5 23. Nf2 N7g6 24. Re3 Qf4 25. Qe2 Qg3 26. Nh1 Qh4 27. a3 Ne7 28. Bd7
Kh8 29. Be6 N7g6 30. Be1 Qh5 31. Ng3 Qh4 32. Nxf5 Qa4 33. Nxg7 Kxg7 34. Bc3 Kh7
35. b3 Qf4 36. a4 Qg3 37. Be1 Qf4 38. Rc1 Ra7 39. Bc3 h5 40. Re1 Kh6 41. Re4 Qf6
42. Kh1 Nf4 43. Qb2 Nfd3 44. Bxe5 dxe5 45. Qc3 Nc5 46. Rc4 e4 47. Qxf6+ Rxf6 48.
Kg1 Nxb3 49. fxe4 0-1

[Event "Sparkassen Open A 2013"]
[Site "Dortmund GER"]
[Date "2013.07.29"]
[Round "3.38"]
[White "Morgenroth, Hubertus"]
[Black "Reisberg, Andre"]
[Result "0-1"]
[WhiteElo "1857"]
[BlackElo "1955"]
[WhiteFideId "12922269"]
[BlackFideId "1270630"]
[EventDate "2013.07.27"]

1. e4 e6 2. d4 d5 3. exd5 exd5 4. Bd3 Bd6 5. Ne2 c6 6. Nbc3 Qc7 7. Ng3 Ne7 8.
Nce2 h5 9. h3 h4 10. Nf1 Bf5 11. Ne3 Be6 12. O-O Nd7 13. Bd2 Nf6 14. c4 Qd7 15.
f4 g6 16. c5 Bc7 17. Rf3 Ne4 18. Be1 Nf5 19. Nxf5 Bxf5 20. Re3 Kf8 21. b4 Kg7
22. Rb1 Rae8 23. Bxe4 Bxe4 24. Rbb3 Qf5 25. a4 Bc2 0-1

[Event "Sparkassen Open A 2013"]
[Site "Dortmund GER"]
[Date "2013.07.29"]
[Round "3.39"]
[White "Oberste, Norbert"]
[Black "Grahl, Matthias"]
[Result "0-1"]
[WhiteElo "1778"]
[BlackElo "1935"]
[WhiteFideId "24608432"]
[BlackFideId "4692918"]
[EventDate "2013.07.27"]

1. f4 Nf6 2. Nf3 d6 3. e3 g6 4. Be2 Bg7 5. c3 O-O 6. d3 d5 7. Ne5 b6 8. a4 Bb7
9. Na3 Nfd7 10. d4 f6 11. Nf3 e5 12. fxe5 fxe5 13. dxe5 Nxe5 14. O-O Nbd7 15. c4
Nc5 16. cxd5 Bxd5 17. Rb1 Be4 18. Ra1 Ned3 19. Nd2 Rxf1+ 20. Qxf1 Nxb2 21. Rb1
Bxb1 22. Naxb1 Qe7 23. Nf3 Nbxa4 24. Bc4+ Kh8 25. Bd5 Rf8 26. Qe1 Ne4 27. Ba3 c5
28. Bc6 Nac3 29. Nxc3 Bxc3 30. Qb1 Rxf3 31. Bxe4 Rxe3 32. Bb2 Qe5 33. Kf2 Qd4
34. Kf1 Bxb2 0-1

[Event "Sparkassen Open A 2013"]
[Site "Dortmund GER"]
[Date "2013.07.30"]
[Round "4.1"]
[White "Schiefelbusch, Dirk"]
[Black "Kotainy, Jens"]
[Result "0-1"]
[BlackTitle "IM"]
[WhiteElo "2133"]
[BlackElo "2459"]
[WhiteFideId "4694139"]
[BlackFideId "24670499"]
[EventDate "2013.07.27"]

1. d4 e6 2. Nf3 c5 3. c4 cxd4 4. Nxd4 Nf6 5. Nc3 Bb4 6. Bd2 O-O 7. g3 Nc6 8. Nc2
Bc5 9. Bg2 d5 10. cxd5 exd5 11. O-O Be6 12. Bg5 h6 13. Bf4 Rc8 14. Rc1 a6 15. a3
d4 16. Ne4 Nxe4 17. Bxe4 Re8 18. Ne1 Bh3 19. Bg2 Bxg2 20. Kxg2 Qd5+ 21. Kg1 g5
22. Nd3 Ba7 23. Bd2 Ne5 24. Rxc8 Rxc8 25. Qb1 Nc4 26. Bc1 Kg7 27. Rd1 Qe4 28.
Qc2 Ne3 29. f3 Rxc2 30. fxe4 Nxd1 0-1

[Event "Sparkassen Open A 2013"]
[Site "Dortmund GER"]
[Date "2013.07.30"]
[Round "4.2"]
[White "Webb, Laurence E"]
[Black "Heinert, Eugen"]
[Result "0-1"]
[WhiteTitle "FM"]
[WhiteElo "2286"]
[BlackElo "2129"]
[WhiteFideId "402389"]
[BlackFideId "24621390"]
[EventDate "2013.07.27"]

1. e4 e6 2. d4 d5 3. e5 c5 4. c3 Bd7 5. Nf3 Nc6 6. Be2 f6 7. O-O fxe5 8. Nxe5
Nxe5 9. dxe5 Qc7 10. c4 d4 11. Re1 O-O-O 12. Bd3 Ne7 13. Nd2 Nc6 14. Nf3 h6 15.
Nh4 g5 16. Ng6 Rg8 17. f4 Ne7 18. Nxf8 Rdxf8 19. fxg5 hxg5 20. Qe2 g4 21. Bh6
Rf3 22. Qd2 Rf7 23. Rf1 Nf5 24. Bxf5 exf5 25. b4 Be6 26. Bf4 Rd8 27. Rab1 cxb4
28. Rxb4 Qc6 29. c5 d3 30. Rc1 Rd5 31. Rc3 Rfd7 32. a3 Rxc5 33. Rxc5 Qxc5+ 34.
Be3 Qd5 35. Rd4 Qb3 36. Rd6 Rxd6 37. exd6 Kd7 38. Kf2 Qxa3 39. Bf4 Qa2 0-1

[Event "Sparkassen Open A 2013"]
[Site "Dortmund GER"]
[Date "2013.07.30"]
[Round "4.3"]
[White "Kozlov, Alexander GER"]
[Black "Schmittdiel, Eckhard"]
[Result "0-1"]
[BlackTitle "GM"]
[WhiteElo "2172"]
[BlackElo "2435"]
[WhiteFideId "4652908"]
[BlackFideId "4600096"]
[EventDate "2013.07.27"]

1. d4 e6 2. c4 f5 3. g3 Nf6 4. Bg2 c6 5. Nf3 d5 6. Nbd2 Nbd7 7. O-O Bd6 8. Qc2
Ne4 9. a3 a5 10. b3 O-O 11. c5 Bc7 12. Bb2 Qe7 13. b4 b5 14. cxb6 Bxb6 15. Nb3
axb4 16. axb4 Ba6 17. Nc5 Bb5 18. Rxa8 Rxa8 19. Ra1 Rxa1+ 20. Bxa1 Bc7 21. e3
Ndf6 22. Bc3 g6 23. Be1 g5 24. Nd2 Kf7 25. Ndxe4 fxe4 26. Qa2 Bb6 27. Qa8 g4 28.
Qb8 Qa7 29. Qxa7+ Bxa7 30. h3 Bxc5 31. bxc5 h5 32. Bc3 Ke7 33. h4 Kd7 34. Bf1
Bd3 35. Ba5 Kc8 36. Kg2 Kb7 37. Kg1 Ka6 38. Bc7 Kb5 39. Bd8 Nd7 40. f4 Bxf1 41.
Kxf1 Nb8 42. Ke2 Na6 43. Be7 Nb4 44. Bd8 Nd3 45. Bb6 Kc4 46. Ba5 Nc1+ 47. Kd1
Nb3 0-1

[Event "Sparkassen Open A 2013"]
[Site "Dortmund GER"]
[Date "2013.07.30"]
[Round "4.8"]
[White "Melmer, Felix"]
[Black "Jesse, Ingemars"]
[Result "0-1"]
[BlackTitle "FM"]
[WhiteElo "2024"]
[BlackElo "2320"]
[WhiteFideId "24671878"]
[BlackFideId "11602724"]
[EventDate "2013.07.27"]

1. f4 d5 2. Nf3 Nc6 3. e3 Bg4 4. d4 g5 5. Be2 gxf4 6. exf4 Nh6 7. c3 Rg8 8. Ne5
Nxe5 9. fxe5 Qd7 10. Rf1 O-O-O 11. Na3 Bf5 12. Bf3 e6 13. Nc2 f6 14. exf6 Ng4
15. Bf4 Nxf6 16. Ne3 Bd6 17. Be2 Ne4 18. Bg4 Bxg4 19. Nxg4 Qg7 20. Ne3 Bxf4 21.
Rxf4 Qh6 22. Qf3 Rdf8 23. g3 Rxf4 24. Qxf4 Qxh2 25. O-O-O Qxg3 26. Qh6 Qg6 27.
Rh1 Nf2 28. Qxg6 hxg6 29. Rh7 g5 30. Kd2 g4 31. Ke2 g3 32. Kf3 Ne4 33. Kg2 Rf8
34. Ng4 b6 35. Re7 Rf4 0-1